Rowett Research Institute report.

Bibliographic Details
New Title:Rowett Research Institute. Annual report
Previous Title:Rowett Research Institute. Annual report of studies in animal nutrition and allied sciences
Corporate Author: Rowett Research Institute
Format: Serial
Language:English
Published: Bucksburn, Aberdeen, U.K. : The Institute, [1987]
Subjects:
Online Availability: Check for online availability

MARC

Tag First Indicator Second Indicator Subfields
LEADER 00000cas a2200000 a 4500
001 in00000908821
005 20150924142632.0
008 880714d19871987stkar |||| 0uuua0eng d
022 |a 0952-7222 
035 |a (OCoLC)18211829 
035 |9 AEP3025AM 
040 |a AUM  |c AUM  |d UtOrBLW 
049 |a TXAE 
050 4 |a SF95  |b .R6 
110 2 |a Rowett Research Institute. 
210 0 |a Rowett Res. Inst. rep. 
222 0 |a Rowett Research Institute report 
245 1 0 |a Rowett Research Institute report. 
246 1 0 |a Report 
264 1 |a Bucksburn, Aberdeen, U.K. :  |b The Institute,  |c [1987] 
264 4 |c ©1987 
300 |a 1 volume :  |b illustrations ;  |c 30 cm. 
310 |a Annual 
336 |a text  |b txt  |2 rdacontent 
337 |a unmediated  |b n  |2 rdamedia 
338 |a volume  |b nc  |2 rdacarrier 
362 0 |a 1987. 
610 2 0 |a Rowett Research Institute  |x Periodicals. 
650 0 |a Animal nutrition  |x Research  |x Periodicals. 
780 0 0 |a Rowett Research Institute.  |t Annual report of studies in animal nutrition and allied sciences  |x 0307-8035  |w (OCoLC)2418089 
785 0 0 |a Rowett Research Institute.  |t Annual report  |w (OCoLC)20550419 
948 |a t2 
999 |a MARS 
999 f f |s 9eca1afe-26f4-35da-8125-690601968845  |i f5c9e2ab-2cf6-358b-aeba-09f603708b9b  |t 0 
952 f f |p ric  |a Texas A&M University  |b Rellis Campus  |c Joint Library Facility  |d Remote Storage  |t 0  |e SF95 .R6  |h Library of Congress classification  |i unmediated -- volume  |l 1987  |m A14812256185 
998 f f |a SF95 .R6  |s 1987  |t 0  |l Remote Storage